| 000 | 00546nam a22001817a 4500 | ||
|---|---|---|---|
| 005 | 20251204145956.0 | ||
| 008 | 251203b |||||||| |||| 00| 0 eng d | ||
| 020 | _a978-93-5466-967-5 | ||
| 041 | _aeng | ||
| 082 | _a611 CHA-H | ||
| 100 | _aCHAURASIA'S, B.D. | ||
| 245 | _aFREE WITH B.D. CHAURASIA'S HUMAN ANATOMY: WORK BOOK OF HUMAN ANATOMY [LOWER LIMB ABDOMEN AND PELVIS] [VOL-2] | ||
| 250 | _a10TH ED. 2025 | ||
| 260 |
_aNEW DELHI _bCBS PUBLISHERS PVT LTD |
||
| 300 | _a322;P | ||
| 650 |
_aPARAMEDICAL _xBMLT/BMIRT _98847 |
||
| 942 | _cBK | ||
| 999 |
_c9027 _d9025 |
||